LEADER 01636cam0-22004931i-450- 001 990006768190403321 005 20060324141943.0 010 $a88-7860-021-0 035 $a000676819 035 $aFED01000676819 035 $a(Aleph)000676819FED01 035 $a000676819 100 $a20010426d1989----km-y0itay50------ba 101 0 $aita 102 $aIT 105 $ay-------001yy 200 1 $a<>diversi sud dell'economia mondiale$eclassificazione, indebitamento e prospettive commerciali dei paesi in via di sviluppo$fEnrico Colombatto, Andrea Beltratti, Eva Bocchiola$gcon un saggio di Rudiger Dornbusch$gintroduzione di Umberto Agnelli 210 $aTorino$cFondazione Giovanni Agnelli$d1989 215 $aXVI, 276 p.$d21 cm 610 0 $aGeografia regionale 676 $a330.917 24$v21$zita 700 1$aColombatto,$bEnrico$f<1954- >$0120583 701 1$aBocchiola,$bEva$0121175 701 1$aBeltratti,$bAndrea$f<1959- >$0115285 702 1$aDornbusch,$bRudiger$f<1948-2002> 702 1$aAgnelli,$bUmberto$f<1934-2004> 801 0$aIT$bUNINA$gRICA$2UNIMARC 901 $aBK 912 $a990006768190403321 952 $a330.917 DIV 1$bBibl.12099$fFLFBC 952 $aVI D 140$b20401$fFSPBC 952 $aVI D 66$b8619$fFSPBC 952 $aVI D 124$b16829$fFSPBC 952 $a043.002.COL$b849/1066$fDECGE 952 $aF/32 COL$b7412$fSES 952 $aF/3.2 COL$b11135$fSES 952 $aSE 097.07.21-$fDECSE 959 $aFSPBC 959 $aDECGE 959 $aSES 959 $aDECSE 959 $aFLFBC 996 $aDiversi sud dell'economia mondiale$9631060 997 $aUNINA LEADER 02698oas 2200949 a 450 001 9910131738903321 005 20260218110838.0 011 $a1996-7241 035 $a(DE-599)ZDB2127407-1 035 $a(OCoLC)54105551 035 $a(CONSER) 2004698525 035 $a(CKB)110978978550043 035 $a(DE-599)2127407-1 035 $a(EXLCZ)99110978978550043 100 $a20040129a19839999 sy 101 0 $aeng 135 $aurcnu|||||||| 181 $ctxt$2rdacontent 182 $cc$2rdamedia 183 $acr$2rdacarrier 200 10$aAsian development review 210 $aManila, Philippines $cAsian Development Bank 300 $aRefereed/Peer-reviewed 311 08$a0116-1105 606 $aEconomic history$2fast$3(OCoLC)fst00901974 606 $aCondition e?conomique$2rasuqam 606 $aDe?veloppement e?conomique$2rasuqam 606 $aEconomische situatie$2gtt 606 $aECONOMIC DEVELOPMENT$2unbist 606 $aASIA$2unbist 606 $aOCEANIA$2unbist 607 $aAsia$xEconomic conditions$vPeriodicals 607 $aOceania$xEconomic conditions$vPeriodicals 607 $aAsie$xConditions e?conomiques$vPe?riodiques 607 $aOce?anie$xConditions e?conomiques$vPe?riodiques 607 $aAsia$2fast$1https://id.oclc.org/worldcat/entity/E39PBJxMpyjKQ9Jtm3jkjPBgKd 607 $aOceania$2fast$1https://id.oclc.org/worldcat/entity/E39PBJfGXyKwjqFR47VVfYDpfq 607 $aAsie$2rasuqam 607 $aOce?anie$2rasuqam 608 $aPeriodicals.$2fast 608 $aPeriodicals.$2lcgft 608 $aPe?riodique e?lectronique (Descripteur de forme)$2rasuqam 608 $aRessource Internet (Descripteur de forme)$2rasuqam 608 $aperiodicals.$2aat 608 $aPe?riodiques.$2rvmgf 615 7$aEconomic history. 615 17$aCondition e?conomique. 615 17$aDe?veloppement e?conomique. 615 17$aEconomische situatie. 615 07$aECONOMIC DEVELOPMENT. 615 07$aASIA. 615 07$aOCEANIA. 712 02$aAsian Development Bank 801 0$bABC 801 1$bABC 801 2$bCGU 801 2$bOCLCQ 801 2$bCNU 801 2$bAGL 801 2$bUQ1 801 2$bOCLCQ 801 2$bOCLCO 801 2$bOCLCF 801 2$bOCLCO 801 2$bOCLCQ 801 2$bCUS 801 2$bVT2 801 2$bOCLCQ 801 2$bOCLCO 801 2$bOCLCQ 801 2$bIOY 801 2$bOCLCQ 801 2$bOCLCL 801 2$bAUD 801 2$bAU@ 801 2$bOCLCL 801 2$bHUL 801 2$bLVT 906 $aJOURNAL 912 $a9910131738903321 996 $aAsian development review$91946559 997 $aUNINA